01342nam a2200301 i 4500003000900000005001700009007000300026008004100029020001500070040003000085082002100115245010600136264007800242264001000320300003500330336002700365337003400392338002800426500008900454500005100543520010500594590002700699700005100726910001400777942001400791952021800805999001701023DO-SdBNP20240906141125.0ta240906s1971 xxu 000 j spa d a0837158001 aDO-SdBNPbspacBNPHUerda a972.94bH67322200aHistory of the island of St. Domingo :bfrom ist first discovery by columbus to the present period. / 1aWestport, Connecticut, Estados Unidos :bNegro universities press,c1818. 3c1971. aviii, 266 páginas, c23 cm. atextobtxt2rdacontent asin mediación bn2rdamedia avolumenbnc2rdacarrier aPublicado originalmente en 1818 en Londres. Reimpreso en 1824 por Mahlon Day, NY.  aLa biblioteca posee la reimpresión del 1971. aHistoria de la isla de Santo Domingo, desde su primer descubrimiento por Colón hasta el presente.  aInventariado, 2024/ YL 4Sir.aBarskett, James,esupuesto autor.953578 aYLockward 2ddccLBS1 00102ddc56708GRaBNPHUbBNPHUcCTd2023-03-01eDonado por Emilio Cordero Michell0oBNPHU GR 972.94 H673p2024-5253r2024-09-06w2024-09-06yLBS1zPerteneció a la biblioteca personal de Emilio Cordero Michel c57646d57646